| 000 | 01614cam a2200373 a 4500 | ||
|---|---|---|---|
| 001 | 14076690 | ||
| 003 | ARRUPE | ||
| 005 | 20211028115038.0 | ||
| 008 | 050816s2006 enkb b 001 0 eng | ||
| 010 | _a 2005023124 | ||
| 015 |
_aGBA652373 _2bnb |
||
| 016 | 7 |
_a013485582 _2Uk |
|
| 020 | _a0195177479 (hardcover : alk. paper) | ||
| 020 | _a9780195177473 | ||
| 035 | _a(OCoLC)ocm61303372 | ||
| 040 |
_aDLC _cDLC _dBAKER _dC#P _dIXA _dUKM _dNYP _dDLC |
||
| 043 | _afb----- | ||
| 050 | 0 | 0 |
_aDT352.8 _b.H86 2006 |
| 082 | 0 | 0 |
_a968/.0009/049 _222 |
| 100 | 1 |
_aHunter-Gault, Charlayne. _950802 |
|
| 245 | 1 | 0 |
_aNew news out of Africa : _buncovering Africa's renaissance / _cCharlayne Hunter-Gault. |
| 260 |
_aOxford ; _aNew York : _bOxford University Press, _c2006. |
||
| 300 |
_ax, 173 p. : _bmap ; _c22 cm. |
||
| 504 | _aIncludes bibliographical references (p. 143-156) and index. | ||
| 505 | 0 | _aSouth Africa, then and now -- Baby steps to democracy -- Reporting renaissance. | |
| 651 | 0 |
_aAfrica, Sub-Saharan _xPolitics and government _y1960- _923409 |
|
| 651 | 0 |
_aAfrica, Sub-Saharan _xPress coverage. _950803 |
|
| 856 | 4 | 1 |
_3Table of contents _uhttp://www.loc.gov/catdir/toc/ecip0517/2005023124.html |
| 856 | 4 | 2 |
_3Publisher description _uhttp://www.loc.gov/catdir/enhancements/fy0637/2005023124-d.html |
| 856 | 4 | 2 |
_3Contributor biographical information _uhttp://www.loc.gov/catdir/enhancements/fy0724/2005023124-b.html |
| 906 |
_a7 _bcbc _corignew _d1 _eecip _f20 _gy-gencatlg |
||
| 942 |
_2lcc _cMONOGRAPH |
||
| 999 |
_c131036 _d131036 |
||